blue lock rivals moves (roblox) - Statistics

General Stats
  • This quiz has been taken 265 times
  • The average score is 27 of 66
Answer Stats
Hint Answer % Correct
isagi direct shot
87%
reo copy
68%
chigiri speedster
66%
bachira steal
63%
nagi trap
63%
chigiri accelerate
62%
bachira nutmeg
62%
chigiri blast
60%
rin curve shot
60%
nagi dash
60%
isagi fade away
56%
kunigami body block
55%
kunigami power shot
54%
isagi final shot
52%
hiori ice dribble
51%
hiori pass
51%
shidou big bang drive
50%
gagamaru scorpion
50%
shidou dragon header
47%
don Lorenzo zombie dribble
47%
reo defensive mode
46%
nagi i am nagi
46%
king kings dribble
46%
reo offensive mode
46%
hiori laser
45%
rin opposite direction
45%
shidou dragon drive
44%
otoya ninja dribble
44%
rin SCORE.
44%
gagamaru diving header
42%
gagamaru bear claw
39%
reo chameleon
39%
king devour
39%
king kings impact
39%
sae metavision
39%
kunigami joker
38%
nagi shoot
38%
karasu crow theft
37%
bachira heel pass
37%
kunigami fallen hero
36%
sae beautiful shot
35%
bachira infinite dribbles
35%
sae heel flick
34%
don Lorenzo Yo Michael
34%
bachira monster trance
33%
karasu raven dribble
32%
yukimiya gyro shot
31%
otoya ninja shot
31%
otoya stealthy steps
31%
sae arm swipe
30%
aiku charge
30%
don Lorenzo zombie dash
30%
hiori curved pass
29%
gagamaru fast reactions
29%
yukimiya freestyle
29%
don Lorenzo golden defence
29%
don Lorenzo counter attack
27%
sae you'll never surpass me
27%
aiku forced defence
25%
yukimiya lethal touch
21%
sae magic turn
21%
don Lorenzo undead mode
21%
aiku serpent interception
20%
yukimiya street dribbling
20%
rin centre of gravity
17%
karasu crow clearence
15%
No matching quizzes found
Score Distribution
Percent of People with Each Score
Percentile by Number Answered
Your Score History
You have not taken this quiz